Convex analysis and measurable multifunctions
محفوظ في:
| المؤلفون الرئيسيون: | , |
|---|---|
| التنسيق: | كتاب |
| اللغة: | الإنجليزية |
| منشور في: |
Berlín
Springer-Verlag
1977
|
| سلاسل: | Lecture Notes in Mathematics, 580
|
| الموضوعات: | |
| الوسوم: |
إضافة وسم
لا توجد وسوم, كن أول من يضع وسما على هذه التسجيلة!
|
MARC
| LEADER | 00000nam a2200000 a 4500 | ||
|---|---|---|---|
| 001 | UCP0056 | ||
| 003 | CL-VaPUC | ||
| 008 | 990128e19770000GW |||||||||||||||||eng|d | ||
| 082 | 0 | 4 | |a 515.7 |b CAS |2 21 |
| 100 | 0 | |a Castaing, Charles |e author |9 424943 | |
| 700 | 0 | |a Valadier, M |e author |9 424944 | |
| 245 | 1 | 0 | |a Convex analysis and measurable multifunctions |
| 300 | |a 278 p | ||
| 942 | |c BK | ||
| 945 | |d 19990128 00:00:00 |a crobeson | ||
| 260 | |a Berlín |b Springer-Verlag |c 1977 | ||
| 650 | 0 | |a Análisis funcional |9 269993 | |
| 650 | 7 | |a FUNCIONES CONVEXAS |2 CL-VaPUC |9 271278 | |
| 650 | 7 | |a ESPACIO DE HAUSDORFF |2 CL-VaPUC |9 424945 | |
| 650 | 7 | |a MULTIFUNCIONES MEDIBLES |2 CL-VaPUC |9 424946 | |
| 650 | 7 | |a COMPACTICIDAD |2 CL-VaPUC |9 424947 | |
| 650 | 7 | |a REPRESENTACION INTEGRAL |2 CL-VaPUC |9 424948 | |
| 650 | 7 | |a ESPACIOS LOCALMENTE CONVEXOS |2 CL-VaPUC |9 424949 | |
| 583 | |a last modification |c 19990128 00:00:00 |k Rodrigo Vera | ||
| 490 | 0 | |a Lecture Notes in Mathematics, 580 | |
| 999 | |c 278942 |d 278940 | ||
| 952 | |0 0 |1 0 |4 0 |6 515_700000000000000_CAS_1977 |7 0 |8 A |9 317764 |a BIBMAT |b BIBMAT |d 2019-11-20 |i 132084K |o 515.7 CAS 1977 |p 132084K |r 2025-01-07 |w 2019-11-20 |y BK |k MAT | ||